000 01813cam a22004214i 4500
003 PE-LiUPU
005 20250731172949.0
008 150616s1969 ag r 000 0 spa d
035 _a(Sirsi) a2132
040 _aPE-LiUPU
_bspa
_cPE-LiUPU
_erda
049 _aPRUA
082 0 4 _a248.843
_bP86
_221
100 1 _aPrice, Eugenia,
_eautor.
245 1 3 _aEl mundo único de la mujer :
_b..en tiempos bíblicos y hoy.
_nTomo 1: Antiguo Testamento /
_cpor Eugenia Price; versión castellana de Edna Lee de Gutiérrez.
264 1 _aBuenos Aires :
_bEditorial Mundo Hispano,
_c1969.
300 _a124 páginas ;
_c17 centímetros.
336 _atext
_2rdacontent
337 _aunmediated
_2rdamedia
338 _avolume
_2rdacarrier
505 0 _aCetura: suficiente amor para tomar el segundo hogar -- Débora, la nodriza ..una vida de dádiva de amor -- Judit y Basemat ..las turbadoras nueras de Rebeca -- Dina ..una jovencita inquieta -- Tamar ..una viuda sagaz -- Sifra y Fua ..dos mujeres maduras y atrevidas -- Séfora ..la esposa inadecuada de Moisés -- Débora ..la mujer adecuada para todo -- Dalila ..la hermosa engañadora -- La madre de Icabod ..sólo tristeza y desesperación -- Mical ..la insensible esposa de David -- La reina de Saba ..una mujer sabia con un corazón hambriento -- Hulda ..discerniendo la realidad.
526 _aSEG42
526 _aSEG41
526 _aSEG40
526 _aSEG39
526 _aP94
526 _aP87
526 _aP86
526 _aP85
526 _aP77
526 _aP76
526 _aP35
650 1 0 _aMujeres en la biblia.
_92340
700 _aLee de Gutiérrez, Edna,
_etraductora.
_94153
910 _ajck
942 _2ddc
_cBK
999 _c21767
_d21767
980 _81
_gALBERTO SANCHEZ Responsable de Automatización